| 000 | 01749cam a22003854a 4500 | ||
|---|---|---|---|
| 001 | 14252345 | ||
| 005 | 20060725191636.0 | ||
| 008 | 060202s2006 nyua b 001 0 eng | ||
| 010 | _a 2006272416 | ||
| 020 | _a0071441972 | ||
| 020 | _a9780071441971 | ||
| 040 |
_aDLC _cDLC _dDLC |
||
| 042 | _apcc | ||
| 050 | 0 | 0 |
_aRT50.5 _b.S23 2006 |
| 082 | 0 | 0 |
_a610.730285 _222 _bESS |
| 245 | 0 | 0 |
_aEssentials of Nursing Informatics / _c[edited by] Virginia K. Saba, Kathleen A. McCormick. |
| 250 | _a4th ed. | ||
| 260 |
_aNew York : _bMcGraw-Hill, Medical Pub. Division, 2006 _cc2006. |
||
| 300 |
_axxv, 705 p. : _bill. ; _c24 cm. |
||
| 500 | _aRev. ed. of: Essentials of computers for nurses. 3rd ed. c2001. | ||
| 504 | _aIncludes bibliographical references and index. | ||
| 650 | 0 |
_aNursing _xData processing. _927240 |
|
| 650 | 0 |
_aComputers. _927241 |
|
| 650 | 0 |
_aInformation storage and retrieval systems _xNursing. _927242 |
|
| 653 |
_bNUR _cSeptember2011 |
||
| 700 | 1 |
_aSaba, Virginia K. _927243 |
|
| 700 | 1 |
_aMcCormick, Kathleen Ann. _927244 |
|
| 730 | 0 |
_aEssentials of computers for nurses. _927245 |
|
| 856 | 4 | 1 |
_3Table of contents only _uhttp://www.loc.gov/catdir/toc/fy0605/2006272416.html |
| 856 | 4 | 2 |
_3Contributor biographical information _uhttp://www.loc.gov/catdir/enhancements/fy0629/2006272416-b.html |
| 856 | 4 | 2 |
_3Publisher description _uhttp://www.loc.gov/catdir/enhancements/fy0629/2006272416-d.html |
| 942 |
_2ddc _cNRB |
||
| 999 |
_c16050 _d16050 |
||